KOHA-Header-6

Research Methodology (Record no. 1428)

000 -LEADER
fixed length control field 00298nam a2200121Ia 4500
008 - FIXED-LENGTH DATA ELEMENTS--GENERAL INFORMATION
fixed length control field 190723s9999 xx 000 0 und d
020 ## - INTERNATIONAL STANDARD BOOK NUMBER
International Standard Book Number 978-93-528-6351-8
100 ## - MAIN ENTRY--PERSONAL NAME
Personal name S.S.Vinod Chandra
245 #0 - TITLE STATEMENT
Title Research Methodology
260 ## - PUBLICATION, DISTRIBUTION, ETC. (IMPRINT)
Place of publication, distribution, etc New Delhi
Name of publisher, distributor, etc Pearson
Date of publication, distribution, etc 2018
300 ## - PHYSICAL DESCRIPTION
Extent 304.:P
942 ## - ADDED ENTRY ELEMENTS (KOHA)
Koha item type Books
Holdings
Withdrawn status Lost status Damaged status Not for loan Permanent Location Current Location Date acquired Full call number Barcode Date last seen Price effective from Koha item type
        MAJU MAJU 2019-07-23 610.73 8052 2019-07-23 2019-07-23 Books

Powered by Koha